000 01516cam a2200361Mc 4500
999 _c5916
_d5916
001 ocn469131445
003 TZ-ArACH
005 20200907222354.0
008 140308s1996 gw 100 0 ger d
029 1 _aDKDLA
_b800010-katalog:99122417983405763
035 _a(OCoLC)469131445
_z(OCoLC)1141773513
040 _aDKDLA
_bdan
_cTZ-ArACH
041 0 _ager
_beng
049 _aTZAA
050 1 4 _aKZ4024
_b.M85 1996
245 0 4 _aDas Recht der Staatensukzession :
_b[24. Tagung in Leipzig, April 1995] = The law of state succession /
_cReferate und Thesen von Ulrich Fastenrath, Theodor Schweisfurth, Carsten Thomas Ebenroth mit Diskussion
260 _aHeidelberg :
_bC.F. Müller,
_c1996.
300 _aVol. 35. pages 49-233
490 1 _aBerichte der Deutschen Gesellschaft für Völkerrechtt (Reports of the German Society for International Law)
_v35
500 _aWith English summaries of the reports
650 0 _aState succession.
_92478
650 0 _aTreaties.
650 7 _aState succession
_2fast
_92478
650 7 _aTreaties
_2fast
650 7 _aState succession
_25
_92478
650 7 _aTreaties
_25
700 1 _aFastenrath, Ulrich
700 1 _aSchweisfurth, Theodor
700 1 _aEbenroth, Carsten Thomas
711 2 _aDeutsche Gesellschaft für Völkerrecht (German Society for International Law) .
_eTagung
_n(24 :
_d1995 :
_cLeipzig)
830 0 _aBerichte der Deutschen Gesellschaft für Völkerrecht (Reports of the German Society for International Law). ;
_v35
942 _2lcc
_cBOOK